00585nam a2200181Ia 4500008004100000020001800041022001500059040001300074082001500087100001800102245006700120260003600187300003200223500006500255650003800320650002200358650002300380191130s2002##################000#0#eng## a9783110172270 a2002070066 aACLcACL a780.14 TAR aTarasti, Eero aSigns of music : a guide to musical semioticscby Eero Tarasti aBerlinbMouton de Gruyterc2002 aviii, 224 p. : ill. ; 24 cm aIncludes bibliographical references (p. [201]-217) and index aMusic - Philosophy and aesthetics aMusic - Semiotics aSymbolism in music